00948nam a2200253 i 4500001000300000110004200003245014500045260006500190300002700255610004600282650005000328650005500378710004300433022001400476040000800490041000800498044000800506080001000514080001200524080001000536080000900546008004100555856009800596bg1 aPolska.bKomisja Nadzoru Finansowego. aReport on the activities of the polish financial supervision authority in 2009 :b(short version) /cPolish Financial Supervision Authority. aWarszawa :bPolish Financial Supervision Authority,c[2010]. a73 s. :bil. ;c30 cm.29aKomisja Nadzoru Finansowegovsprawozdania 9aRynki finansowexkontrolazPolskayod 2001 r. 9aBudżet państwowyxkontrolazPolskayod 2001 r.2 aKomisja Nadzoru Finansowego (Warszawa) a1899-8054 cBPK0 aeng aPOL a336.7 a005.584 a(438) a(06)130116s pl a f |000 0 pol  uhttp://koha.tu.koszalin.pl/cgi-bin/koha/opac-detail.pl?biblionumber=53871yKatalog online BPK